History Quiz

Random History or World Quiz

The Last: History Quiz Stats

 Plays Quiz Updated Aug 3, 2019

Score 0/16 Timer 06:00
5 Plays Today
Question Answer Wrong Answers
Who was the last Tsar of Russia? Nicholas II
93.7%
Catherine
2.1%
Peter I
3.6%
Stephen
0.5%
What is the last remaining of the Seven Wonders of the Ancient World? Great Pyramid at Giza
91.7%
Temple of Artemis
1.5%
Hanging Gardens of Babylon
2.8%
Hoover Dam
2.1%
Who was the last leader of the USSR? Mikhail Gorbachev
89%
Rasputin
1.3%
Leonid Brezhnev
4.6%
Yuri Gagarin
2.2%
Which Axis power was last to surrender in World War II? Japan
85.4%
Germany
10.2%
Italy
2.3%
Bulgaria
1.3%
Which was the last of these territories to be under British control? Hong Kong
84.7%
Ireland
6.6%
United States
0.6%
South Africa
6%
Who was the last wife of Henry VIII? Catherine Parr
68.1%
Anne Boleyn
20.6%
Elizabeth Taylor
5.9%
Nell Gwynne
2.7%
Who became referred to as the 'Last King of Scotland'? Idi Amin
66.4%
Muammar Gaddafi
2.7%
Macbeth
19%
Haile Selassie
9.7%
Who was the last Whig President of the USA? Millard Fillmore
64.3%
John Adams
20.6%
Richard Nixon
5.2%
Herbert Hoover
7.4%
Who was the last Shah of Iran? Mohammad Reza Pahlavi
62%
Saddam Hussein
8.7%
Mehmet II
13.1%
Mohammad Mossadegh
15.1%
Who was the last Egyptian pharaoh? Cleopatra VII
61.4%
Tutankhamun
6%
Hatshepsut
8.4%
Ramses III
23.7%
Who was the last US President to father a child while in office? John F. Kennedy
53.5%
Grover Cleveland
30.3%
Barack Obama
5.6%
Thomas Jefferson
9%
What was the last major battle of the American Civil War? Appomattox Court House
51.1%
Fort Sumter
10.8%
Gettysburg
34.8%
Waterloo
3.1%
What was the last dynasty of China? Qing
50.1%
Xia
7.9%
Han
25.6%
Zhou
14.1%
What were Winston Churchill's last words? I'm bored with it all.
48.6%
Either that wallpaper goes or I do.
24%
It's better to burn out than to fade away.
19.7%
I'd rather be skiing.
5%
Which of these countries was last to renounce communism? Albania
43.9%
South Yemen
17.1%
Ethiopia
11.4%
East Germany
26.2%
Who was the last Nobel Peace Prize winner of the 1900s? Médecins Sans Frontières
26%
Desmond Tutu
46.8%
Henry Kissinger
12.2%
Barack Obama
13.3%

You're not logged in!

Compare scores with friends on all Sporcle quizzes.
OR
Log In

Sporcle TV

Today on Sporcle TV


Watch our educational content, quiz creation guides, and fun videos on Sporcle TV.

Show Comments

Extras

Top Quizzes Today


Score Distribution

Your Account Isn't Verified!

In order to create a playlist on Sporcle, you need to verify the email address you used during registration. Go to your Sporcle Settings to finish the process.

Report this User

Report this user for behavior that violates our Community Guidelines.

Details: